000 00548nam a2200181Ia 4500
001 20817
005 20260306172833.0
008 260306t2020||||xx |||||||||||||| ||spa||
041 _aESP
082 _a343.8
_bC534C
100 _aChávez Hurtado, Joaquín,
_eAUT
245 0 _aCuáles son los criterios que podrán seguir la SUNAT para aplicar la cláusula antielusiva general/ Cómo actuar ante una fiscalización de la SUNAT
260 _c2020
300 _a64 páginas :
_c
650 _aGEN
654 _aCDE
942 _cLIB
_dJUS
_fJUS
_2ddc
_n
999 _c20817
_d20817